Délmagyarország. - 1917. február 28., Szerda
Elmentve itt :
| Dokumentumtípus: | Újság |
|---|---|
| Megjelent: |
1917-02-28
|
| Sorozat: | Délmagyarország
6 No. 49 |
| Online Access: | http://dmarchiv.bibl.u-szeged.hu/2436 |
| LEADER | 00485nas a2200145 i 4500 | ||
|---|---|---|---|
| 001 | delm2436 | ||
| 005 | 20200414150200.0 | ||
| 008 | 171213s1917 hu n o 0|| hun d | ||
| 022 | |a 0133-025X | ||
| 040 | |a SZTE Délmagyarország Archívum |b hun | ||
| 041 | |a hun | ||
| 245 | 0 | 0 | |a Délmagyarország. - 1917. február 28., Szerda |h [elektronikus dokumentum] |
| 260 | |c 1917-02-28 | ||
| 490 | 0 | |a Délmagyarország |v 6 No. 49 | |
| 856 | 4 | 0 | |u http://dmarchiv.bibl.u-szeged.hu/2436/1/dm_1917_049.pdf |z Dokumentum-elérés |